| 000 | 01493nam a2200421 c 4500 | ||
|---|---|---|---|
| 001 | 10120 | ||
| 003 | ES-MaCES | ||
| 005 | 20141221122043.0 | ||
| 008 | 000121s1998 sp d t o100 | spa d | ||
| 035 | _aCES20000001113m | ||
| 040 |
_aES-MaCES _bspa _cES-MaCES |
||
| 111 | 2 |
_aSeminario Desempleo, Desigualdad y Educación _d1998 _cSantander _9548 |
|
| 245 | 1 | 0 |
_aSeminario Desempleo, Desigualdad y educación, Santander, del 31 de agosto al 4 de septiembre _cdirector, José María Maravall, [organizado por la] Universidad Internacional Menéndez Pelayo |
| 260 |
_aSantander _bUIMP _c1998 |
||
| 300 |
_a1 v. (fol. var.) _bgráf. bl. y n. _c30 cm |
||
| 500 | _aTít. tomado de la cub | ||
| 500 | _aEjemp. fotocopiado | ||
| 504 | _aBibliografía | ||
| 541 | _cGratuito | ||
| 650 | 4 |
_arecursos humanos _928291 |
|
| 650 | 4 |
_aeducación _927367 |
|
| 650 | 4 |
_apolítica educativa _927373 |
|
| 650 | 4 |
_apolítica de formación _929974 |
|
| 650 | 4 |
_anivel educativo _927448 |
|
| 650 | 4 |
_adesigualdad social _930789 |
|
| 650 | 4 |
_aempleo _928299 |
|
| 650 | 4 |
_adesempleo _928308 |
|
| 650 | 4 |
_aEspaña _926964 |
|
| 650 | 4 |
_ainternacional _926674 |
|
| 650 | 4 |
_acuadros estadísticos _928890 |
|
| 650 | 4 |
_aconferencia _927013 |
|
| 653 | 1 | 0 | _aEducación |
| 700 | 1 |
_aMaravall, José María _edir. _917446 |
|
| 710 | 2 |
_aUniversidad Internacional Menéndez Pelayo _ecol. _95367 |
|
| 902 | _aDOC Literatura gris | ||
| 942 |
_2CES _cBK _h4.0. |
||
| 999 |
_c10120 _d10120 |
||